03577 am a2200721 a 450000500170000000800410001702000150005804100080007309200190008110000250010024500450012525000350017026000380020530000110024350000970025465300710035165300390042265300340046165300770049565300710057265300450064365300690068865300150075765300170077265300320078965300430082165300190086465300420088365300110092565300240093665300430096065300230100365300240102665300270105065300310107765300330110865300240114165300230116565300170118865300710120565300240127665300370130065300350133765300780137265300260145065300290147665300190150565300230152465300320154765300240157965300270160370000280163093000090165893000090166794200120167699900130168895201450170195201360184695202250198295202220220795202100242995202160263920240624123608.0100630s2005||||ag a f |||| 001 0 spa d a9500203782 aspa c618.1l30sGOR1 aGori, Jorge R.91121 aGinecología de Gori / cJorge R. Gori a2a ed. ampliada y actualizada. aBuenos Aires: bEl Ateneo;c2005. a760 p. aGori, J. R. y Lorusso, A. (2005). Ginecología de Gori. (2a ed.). Buenos Aires : El Ateneo. aAnatomía del aparato genital femenino y de la glándula mamaria aEmbriología urogenital y mamaria aFisiología genital femenina aEtapas evolutivas biológicas de la mujer y de la personalidad femenina aSemiología ginecológica. Métodos auxiliares de diagnóstico aAlteraciones del ciclo sexual bifásico aAnovulación crónica.Poliquistosis ovarica. Hiperandrogenismo aAmenorreas aMetrorragias aInfecciones ginecológicas aEnfermedad pelviana inflamatoria (EPI) aPrurito vulvar aCiclo trifásico. Anidación ovular aAborto aEmbarazo ectópico aEnfermedad trofoblástica gestacional aTumores del ovario aPatología tubaria aMioma uterino. Sarcoma aPatología del endometrio aPatología cervical uterina aPatología vaginal aPatología vulvar aEndometrosis aAnomalias del desarrollo. Trastornos de la diferenciación sexual aDistopias genitales aPatología urinaria de la mujer aHeridas y fístulas genitales aGinecología psicosomática. El dolor en ginecología. Frigidez sexual aReproducción humana aPlanificación familiar aHormonoterapia aBiología tumoral aOperaciones ginecológicas aPatología mamaria aDolor en ginecología1 aLorusso, Antonio.91122 a1385 a1386 2ddccBK c440d440 00102ddc40708REFaBFMbBFMcREFd2011-05-13l16m2o618.1 30 GORp1385r2020-03-12s2020-03-09tej.1w2011-08-23yREFzLIBRO DE CONSULTA 00102ddc4070aBFMbBFMcCRd2011-05-13l95m19o618.1 30 GORp1386r2025-03-28s2025-03-28tej.2w2011-05-13yBKzSede Tordos.f 00102ddc4070aBFMbBFMcCRd2016-03-22eDonación Dr. G. Zenon Beguelin marzo 2016l22m2o618.1 30 GORp3646r2025-06-17s2025-06-09tEj.3w2016-03-22yBKzDonación Dr. G. Zenon Beguelin marzo 2016. Sede Tordos.f 00102ddc4070aBFMbBFMcCRd2017-10-27eDonación Mazziteli, Maria Eugenia. Octubre 2017l10m4o618.1 30 GORp3962r2023-09-25s2023-09-18tEj.4w2017-10-27yBKzDonación Mazzitelli, Maria Eugenia. Octubre 2017 00102ddc4070aBFMbBFMcCRd2018-05-21eDonación Selman, Soledad. Mayo 2018l2o618.1 30 GORp4261r2022-09-01s2022-08-25tEj. 5w2018-05-21yBKzDonación Selman, Soledad. Mayo 2018. Sede Tordos.f 00102ddc4070aBFMbBFMcCRd2023-12-11eDonación María José Mora, Diciembre 2023l0o618.1 30 GORp4885r2023-12-11tEj. 6w2023-12-11yBKzDonación María José Mora, Diciembre 2023. Sede Tordos.f